Escuela de Alimentos. 30 Años
保存先:
| 団体著者: | |
|---|---|
| フォーマット: | 図書 |
| 言語: | スペイン語 |
| 出版事項: |
Valparaíso
Ediciones Universitarias de Valparaíso
1985
|
| 版: | 1a. ed |
| 主題: | |
| タグ: |
タグ追加
タグなし, このレコードへの初めてのタグを付けませんか!
|
MARC
| LEADER | 00000nam a2200000 a 4500 | ||
|---|---|---|---|
| 001 | UCJ7190 | ||
| 003 | CL-VaPUC | ||
| 008 | 070124e19850815CL |||||||||||||||||spa|d | ||
| 082 | 0 | 4 | |a 378 |b UNI |2 21 |
| 110 | 2 | |a Universidad Católica de Valparaíso |e author |9 515305 | |
| 245 | 1 | 0 | |a Escuela de Alimentos. 30 Años |
| 250 | |a 1a. ed | ||
| 300 | |a 27 p | ||
| 942 | |c BK | ||
| 945 | |d 20070124 00:00:00 |a rinostro | ||
| 260 | |a Valparaíso |b Ediciones Universitarias de Valparaíso |c 1985 | ||
| 650 | 7 | |a HISTORIA INSTITUCIONAL |2 CL-VaPUC |9 515306 | |
| 650 | 0 | |a Archivo histórico PUCV |9 255554 | |
| 650 | 0 | |a Académicos |x Pontificia Universidad Católica de Valparaíso (PUCV) |9 255553 | |
| 583 | |a last modification |c 20130912 04:16:00 |k Rodrigo Vera | ||
| 999 | |c 323286 |d 323284 | ||
| 952 | |0 0 |1 0 |4 0 |6 378_000000000000000_UNI_1985 |7 0 |8 X |9 402783 |a FDOBUD |b FDOBUD |d 2019-11-22 |i 1059696 |o 378 UNI 1985 |p 1059696 |r 2019-11-22 |w 2019-11-22 |y BK_X |k FHP | ||